Catálogo
 En Linea

El doctor Ramón Emeterio Betances y la abolición de la esclavitud / (Registro nro. 15838)

Detalles MARC
000 -CABECERA
campo de control de longitud fija 00734nam a2200217 a 4500
001 - NÚMERO DE CONTROL
campo de control 000016303
005 - FECHA Y HORA DE LA ÚLTIMA TRANSACCIÓN
campo de control 20200929164348.0
008 - DATOS DE LONGITUD FIJA--INFORMACIÓN GENERAL
campo de control de longitud fija 100303s1984 pr 000 0 spa d
040 ## - FUENTE DE LA CATALOGACIÓN
Centro catalogador/agencia de origen DO-SdBNP
082 ## - NÚMERO DE LA CLASIFICACIÓN DECIMAL DEWEY
Número de clasificación 326
Número de documento/Ítem S939d
049 ## - FONDOS LOCALES (OCLC)
Fondos de biblioteca BNPD
100 1# - ENTRADA PRINCIPAL--NOMBRE DE PERSONA
Nombre de persona Suarez Díaz, Ada
9 (RLIN) 3626
245 13 - MENCIÓN DE TÍTULO
Título El doctor Ramón Emeterio Betances y la abolición de la esclavitud /
Mención de responsabilidad, etc. Ada Suarez Díaz.
250 ## - MENCIÓN DE EDICIÓN
Mención de edición 3ra. ed.
260 ## - PUBLICACIÓN, DISTRIBUCIÓN, ETC.
Lugar de publicación, distribución, etc. San Juan, Puerto Rico :
Nombre del editor, distribuidor, etc. Instituto de Cultura Puertorriqueña
Lugar de fabricación/manufactura Corripio
Fecha de publicación, distribución, etc. 1984.
300 ## - DESCRIPCIÓN FÍSICA
Extensión 161 p. ;
Dimensiones 20 cm.
500 ## - NOTA GENERAL
Nota general Incluye notas al pie de las páginas
650 #4 - PUNTO DE ACCESO ADICIONAL DE MATERIA--TÉRMINO DE MATERIA
Término de materia o nombre geográfico como elemento de entrada Esclavitud en puerto rico
9 (RLIN) 36393
650 #4 - PUNTO DE ACCESO ADICIONAL DE MATERIA--TÉRMINO DE MATERIA
Término de materia o nombre geográfico como elemento de entrada Negros en puerto rico
9 (RLIN) 36394
651 #4 - PUNTO DE ACCESO ADICIONAL DE MATERIA--NOMBRE GEOGRÁFICO
Nombre geográfico Puerto Rico
Subdivisión general Condiciones Sociales
9 (RLIN) 12600
Existencias
Estado de retiro Estado de pérdida Restricciones de uso No para préstamo Código de colección Localización permanente Ubicación/localización actual Ubicación en estantería Fecha de adquisición Número de inventario Total de préstamos Signatura topográfica completa Código de barras Fecha visto por última vez Precio válido a partir de Tipo de ítem Koha
      Excluido de préstamo Monografías: Libros y Folletos Patrimonio Dominicano Patrimonio Dominicano En catalogación 03.03.2010 LF1   326 S939d 16303-10 25.06.2020 25.06.2020 No se presta

Con tecnología Koha